Statistics for Clue to Country

Click here to take the quiz!

General Stats

  • This quiz has been taken 16 times
  • The average score is 9 of 9

Answer Stats

HintAnswer% Correct
Most populousChina
100%
Most populous by
2050
India
100%
Has island called
Hokkaido
Japan
100%
Biggest CountryRussia
100%
Has the most
olympic medals
United States
100%
Smallest CountryVatican City
100%
Largest coastlineCanada
92%
Has island called
Sumatra
Indonesia
92%
Most population
density
Monaco
77%

Score Distribution

Percentile by Number Answered

Percent of People with Each Score

Your Score History

You have not taken this quiz